[Event "New Delhi Parsvnath op-A 16th"]
[Site "New Delhi"]
[Date "2018.01.12"]
[Round "6"]
[White "Naiditsch, Arkadij"]
[Black "Vaibhav, Suri"]
[Result "1-0"]
[WhiteElo "2701"]
[BlackElo "2542"]
[Annotator "Sagar Shah"]
[PlyCount "119"]
[EventDate "2018.01.09"]
[EventType "swiss"]
[EventRounds "10"]
[EventCountry "IND"]
[SourceTitle "CBM 183"]
[Source "ChessBase"]
[SourceDate "2018.03.14"]
[SourceVersion "1"]
[SourceVersionDate "2018.03.14"]
[SourceQuality "1"]

1. e4 e6 2. d4 d5 3. Nc3 Bb4 4. e5 c5 5. a3 Bxc3+ 6. bxc3 Qa5 (6... Ne7 7. Qg4
{is the famous Winawer line!}) 7. Bd2 Qa4 8. Nf3 (8. Qg4 Kf8) 8... c4 {This
line is favoured by Lev Psakhis.} 9. h4 Nc6 10. h5 h6 11. g4 Bd7 12. Nh4 O-O-O
13. f4 {[%csl Ge5,Gf4,Gg4,Gh5]} Nge7 14. Be3 {This is the first new move of
the game.} (14. Bh3 g6 15. hxg6 fxg6 16. Be3 Rdg8 17. Nf3 Nd8 18. Qd2 Nf7 19.
Rh2 Qa5 20. Kf2 Rf8 21. Kg1 Nd8 22. Nh4 Rf7 23. Bg2 Ndc6 24. Nf3 Rff8 25. Bf2
Be8 26. Bh4 g5 27. fxg5 h5 28. g6 Nxg6 29. gxh5 Nxh4 30. Rxh4 Qd8 31. Rf4 Rfg8
32. Rf6 Rxh5 33. Kf2 Qe7 34. Rg1 Qh7 35. Rxe6 Bg6 36. Rf6 Be4 37. Qc1 Ne7 38.
Qf4 Nf5 39. e6 Qc7 40. Qxc7+ $2 {Time pressure.} (40. Ne5 $1 $18) 40... Kxc7
$11 {0-1 (69) Mihok,O (2351)-Rajlich,I (2437) Budapest 2008}) 14... g6 15. hxg6
fxg6 16. Be2 Rdf8 17. Kd2 $1 {[%csl Gc3,Gd2,Gd4,Ge5] The king sits snugly here.
} Nd8 18. Qb1 Ndc6 19. Qb2 Rf7 20. Rh2 $5 {It seemed as if the rook would come
to b1 to attack, but White figures out that the real targets lie on the
kingside, so he decides to double the rooks down the h-file.} Rhh7 21. Rah1
Rhg7 22. Nf3 Ng8 23. Nh4 Nge7 24. Rf2 {[%csl Gf5] White prepares for the
f5-break.} Rh7 25. Nf3 Ng8 26. Bf1 {Transferring the bishop to the h3-c8
diagonal.} Rf8 27. Bh3 Rhf7 {Black is left a very limited space and no
counterplay on the kingside. Unless and until White makes any break on the
kingside Black can not do anything on the kingside.} 28. Rhf1 Nge7 29. Nh4 Qa5
30. a4 $1 Qd8 {Bringing the queen back into the game.} (30... Qxa4 31. Ra1 $18)
31. Qa3 b6 32. Qc1 Kb7 33. Qe1 Rh7 {[%csl Rf5] At this point Black lost his
patience now the control over f5-square is reduced.} (33... Qc8 $11) 34. f5 $1
{An extremely strong break.} exf5 35. gxf5 gxf5 36. Bxf5 Nxf5 37. Nxf5 Rxf5 38.
Rxf5 Bxf5 39. Rxf5 $16 {The material is still the same, but with the strong
passed pawn in the centre and with more active pieces White is pushing.} Qe8
40. Qf1 Nd8 41. Rf8 (41. Rf6 {This is more precise} h5 (41... Ne6 42. Qf5 Re7
43. Bxh6 $16 {is similar to the game continuation.}) 42. Qf5 {[%csl Rd5][%cal
Gf6d6] After this the d-pawn will be in danger.} Re7 43. Rd6 Qf7 44. Qxf7 Nxf7
45. Rxd5 Kc6 46. Rb5 $18 {[%cal Gb5b1,Gb1h1]}) 41... Qd7 42. Qf3 h5 $6 {
Losing control of the vital g5-square.} (42... Ne6 $1 {was necessary.} 43. Rf6
Ng5 {This is the point; the pawn on h6 is coming to the rescue.} 44. Bxg5 hxg5
45. Rd6 Rh2+ 46. Ke3 Qh3 $11) 43. Rf6 Ne6 44. Qf5 Re7 45. Qxh5 {White has won
a pawn and is completely in control.} Ka6 46. Qh1 Rh7 47. Qg2 {Still it's not
clear how White will win as the knight on e6 is blockading the passed pawn.}
Rg7 48. Qf1 Rh7 49. Bh6 Re7 50. Bf8 Rh7 51. Bh6 Re7 52. Qf3 Ka5 53. Bf8 Ng5 $6
54. Qf5 Ne4+ 55. Ke3 Nxf6 $2 {The final mistake.} (55... Qxf5 {was necessary
to stay in the game.} 56. Rxf5 Re8 57. Rf7 a6 58. Bb4+ Kxa4 59. Rd7 a5 60. Rxd5
Nf6 61. Rd6 Ng4+ 62. Kf3 Nxe5+ 63. dxe5 axb4 64. Rxb6 Rxe5 (64... b3 65. cxb3+
cxb3 66. Ke4 Rc8 67. Rb4+ Ka3 68. Kd5 Rxc3 $11) 65. Rxb4+ Ka5 $11) 56. Qxd7
Rxd7 57. exf6 Rf7 58. Be7 b5 59. Kf4 {Probably Black missed this move.} Rxf6+ (
59... bxa4 60. Kf5 $18) 60. Bxf6 {A strong game by Naiditsch.} 1-0

[Event "British CF-72 Championship"]
[Site "Edinburgh"]
[Date "1985.08.05"]
[Round "7"]
[White "Thipsay, Praveen Mahadeo"]
[Black "Levitt, Jonathan"]
[Result "1/2-1/2"]
[WhiteElo "2470"]
[BlackElo "2375"]
[Annotator "Schiller,E"]
[PlyCount "63"]
[EventDate "1985.07.29"]
[EventType "swiss"]
[EventRounds "11"]
[EventCountry "SCO"]
[SourceTitle "EXT 1999"]
[Source "ChessBase"]
[SourceDate "1998.11.16"]
[SourceVersion "1"]
[SourceVersionDate "1998.11.16"]
[SourceQuality "1"]

1. e4 e6 2. d4 d5 3. Nc3 Bb4 4. e5 Ne7 5. a3 Bxc3+ 6. bxc3 c5 7. Qg4 Qc7 8.
Qxg7 Rg8 9. Qxh7 cxd4 10. Kd1 $1 dxc3 (10... Nd7 11. Nf3 Nxe5 12. Bf4 Qxc3 13.
Nxe5 Qxa1+ 14. Bc1 Rf8 15. Bd3 Bd7 16. Re1 Nc6 17. Nxf7 Rxf7 18. Bg6 O-O-O 19.
Qxf7 e5 20. Ke2 e4 21. Kf1 Qc3 $13) 11. Nf3 Nbc6 12. Bf4 (12. Ng5 Nxe5 13. f4
Rxg5 14. fxg5 N5g6) 12... Bd7 13. Ng5 O-O-O $5 (13... Rxg5 $5 14. Bxg5 Qxe5 15.
h4 $14 {Scriba-Dahl, 1977}) 14. Nxf7 Rdf8 15. Rb1 Nf5 16. Nd6+ Nxd6 17. exd6
Qd8 18. Bg3 e5 19. Qd3 d4 20. Be2 Qg5 21. Ke1 Rg7 22. Qb5 Qd2+ 23. Kf1 Bf5 24.
Bxe5 {( d7+, Qxc6+!!)} Rd7 25. Rd1 Qxc2 26. Qc5 d3 27. Bh5 Kb8 28. Bxc3 Bg6 $1
29. Rd2 Qc1+ 30. Rd1 Qc2 31. Rd2 Qc1+ 32. Rd1 1/2-1/2

[Event "Canadian op"]
[Site "Edmonton"]
[Date "2009.07.17"]
[Round "7"]
[White "Shirov, Alexei"]
[Black "Ganguly, Surya Shekhar"]
[Result "1-0"]
[WhiteElo "2732"]
[BlackElo "2637"]
[Annotator "Shabalov,A"]
[PlyCount "55"]
[EventDate "2009.07.11"]
[EventType "swiss"]
[EventRounds "9"]
[EventCountry "CAN"]
[SourceTitle "CBM 132 Extra"]
[Source "ChessBase"]
[SourceDate "2009.11.03"]
[SourceVersion "1"]
[SourceVersionDate "2009.11.03"]
[SourceQuality "1"]

1. e4 e6 2. d4 d5 3. Nc3 Bb4 4. e5 c5 5. a3 Bxc3+ 6. bxc3 Ne7 7. Qg4 Qc7 8.
Qxg7 Rg8 9. Qxh7 cxd4 10. Ne2 Nbc6 11. f4 Bd7 12. Qd3 dxc3 13. Qxc3 O-O-O 14.
Rb1 Nf5 15. Rg1 d4 16. Qd3 Na5 $6 {This is one of the sidelines where Surya
had some sweet memories (see the game below). But the main line that remains
in question is} (16... f6 $1 17. g4 Nh4 18. exf6 e5 19. f5 e4 20. Qxe4 Rge8 21.
Qf4 Ne5 22. Rg3 Qxc2 23. Rb2 Qc5 24. f7 Nxf7 $17 {1/2 Goloshchapov,A (2519)
-Svane,H (2159)/Esbjerg 1/2 Goloshchapov,A (2519) -Svane,H (2159)/Esbjerg}) 17.
Rb4 $1 (17. g4 $5 {This direct attempt to punish Black backfired in} Ba4 18. c3
(18. gxf5 Bxc2 19. Qb5 Rxg1 20. Nxg1 a6 $2 {led to a loss after 21.Qb6 Bxb1 22.
Qxb1 Nb3 23.Kd1 in 1-0 Smirnov,P (2575) -Arslanov,S (2365)/Dagomys RUS 2009,
but} (20... Rd5 $1 {equalizes} 21. Qe8+ (21. Qb2 {is a scary move to play
after either 21...d3 or 21...Nb3}) 21... Rd8 22. Qb5 Rd5 $11)) 18... Bc2 19.
Qxc2 d3 20. Qa2 Qc5 21. Rg2 Ne3 22. Ng3 Rxg4 23. Rf2 Nac4 24. Qb3 b6 25. Qa4
Nc2+ 26. Rxc2 dxc2 27. Qxc2 Ne3 28. Qe4 Rd1+ 29. Ke2 Nd5 30. Bd2 Rxb1 31. Qxb1
Rxf4 32. Qd3 Rf2+ 33. Kd1 Qxa3 34. Qa6+ Qxa6 35. Bxa6+ Kb8 36. h4 Rh2 37. h5
Rh3 38. Be1 Nf4 39. Be2 Nxe2 40. Kxe2 a5 41. Kf3 a4 42. Kg4 Rh2 43. c4 a3 44.
Kg5 a2 45. Bc3 Rg2 46. Kg4 Rc2 47. Ba1 Rxc4+ 48. Kg5 Rc1 49. Bb2 Rg1 50. Kf4
Kc7 51. h6 a1=Q 52. Bxa1 Rxa1 53. h7 Ra8 54. Kg5 Kc6 55. Ne4 Rh8 56. Kh6 Kd5
57. Nd6 Rxh7+ 58. Kxh7 Kxe5 59. Nxf7+ Kd5 60. Kg6 b5 61. Ng5 b4 62. Nf3 e5 63.
Kf5 e4 64. Ng5 e3 65. Kf4 e2 66. Nf3 b3 {0-1 Volokitin,A (2645)-Ganguly,S 
(2571)/Moscow 0-1 Volokitin,A (2645)-Ganguly,S (2571)/Moscow}) 17... Nc6 {
Also not enough is} (17... a6 18. g4 Ne3 19. Nxd4 Nd5 20. Rb2 $16) 18. Rc4 Be8
19. g4 Nh4 20. Rg3 f6 {This meets beautiful refutation by Alexey, but the
Black position is pretty grim anyway.} (20... Qa5+ 21. Bd2 Qd5 22. Bb4 Kb8 23.
Bd6+ Ka8 24. Rc5 Qh1 25. Qh7 Rxg4 26. Rxg4 Nf3+ 27. Kf2 Nxh2 28. Qh3 Nxg4+ 29.
Qxg4 Bd7 30. Qh3 Qe4 31. Bg2 Qg6 32. Qh1 {1-0 Peli, G-Oren,I/Israeli CC Champs
1-0 Peli, G-Oren,I/Israeli CC Champs}) 21. exf6 Bg6 {#} 22. Rxc6 $3 Qxc6 23.
Nxd4 Qh1 (23... Qc7 24. Qb3) 24. f5 exf5 25. Bf4 Be8 {Trading queens leads to
a funny checkmate in three.} (25... Qe4+ 26. Qxe4 fxe4 27. Rc3+ Kd7 28. Bb5#)
26. Qc4+ Bc6 27. Qe6+ Bd7 28. Rc3+ 1-0

[Event "Capablanca Memorial Elite 49th"]
[Site "Havana"]
[Date "2014.05.12"]
[Round "5"]
[White "Almasi, Zoltan"]
[Black "So, Wesley"]
[Result "0-1"]
[WhiteElo "2693"]
[BlackElo "2731"]
[Annotator "So,Wesley"]
[PlyCount "96"]
[EventDate "2014.05.08"]
[EventType "tourn"]
[EventRounds "10"]
[EventCountry "CUB"]
[EventCategory "19"]
[SourceTitle "CBM 161"]
[Source "ChessBase"]
[SourceDate "2014.07.16"]
[SourceVersion "1"]
[SourceVersionDate "2014.07.16"]
[SourceQuality "1"]

{From my tournament win at the Capablanca Memorial, I would like to annotate
my game against the defending champion Zoltan Almasi. Last year in the same
event, he won 2 games in a row with Black in rounds 8 and 9. This time he
wasn't as fortunate and he lost 2 White games consecutively, starting with
this game. For my standards, I played relatively solidly in this tournament,
and I achieved my goal of avoiding any losses.} 1. e4 e6 2. d4 d5 3. Nc3 Bb4 {
I did some preparation on the Winawer before the event, and I noticed that
current theory for White is not very convincing.} 4. e5 c5 5. a3 Bxc3+ 6. bxc3
Ne7 7. Qg4 Qc7 8. Qxg7 Rg8 9. Qxh7 cxd4 10. Ne2 Nbc6 11. f4 dxc3 12. Qd3 d4 $1
{I think this is Black's only reasonable move. Here Zoltan started using a lot
of time. Obviously taking the pawn on d4 is critical, but without preparation
it's a different matter. Anyway, he still found a way to get a good position
out of the opening.} 13. Ng3 Bd7 14. Be2 O-O-O 15. O-O Nf5 ({Another
possibility is} 15... Qb6 {.}) 16. Ne4 (16. Nxf5 exf5 17. Bf3 Be6 18. Rb1 Ba2
19. Ra1 Be6 20. Rb1 Ba2 {This was my whole idea, to make a quick draw with
Black.}) 16... Nce7 17. Nf6 {Around here I forgot my analysis already, and my
next few moves were probably not the best.} Rg6 ({Maybe} 17... Rg7) 18. Nxd7
Rxd7 ({Or} 18... Qxd7 19. Bf3) 19. Bf3 Nd5 20. Rb1 Kb8 {I think that White is
better here. He has the bishop pair and he is defending all his weaknesses.
The only problem now is the bishop on c1.} 21. Be4 Rg8 22. a4 (22. g3 Nfe3 23.
Bxe3 dxe3 24. Qe2 $14 {is just better for White.}) ({Giving up the bishop pair
is not an option:} 22. Bxf5 exf5 23. Qxf5 Ne3 24. Bxe3 Qc6 $17) 22... Qc6 23.
a5 Qa4 24. a6 $6 {This is where things start to go wrong for White.} ({In the
event of} 24. Qb5 Qxb5 25. Rxb5 {I would have had to defend a tough ending.} {
The computer gives} d3 (25... a6 26. Rc5 $14) 26. Bxd3 Nde3 27. Rf2 Nd1 {
, but this is too complex for me.}) 24... b6 25. Rb3 Nde3 26. Ra3 Qb4 27. Rb3
Qa4 28. Ra3 Qb4 29. Rb3 Qe7 30. Bxe3 (30. Rf2 Qh4 $40) 30... dxe3 $1 {I have
to open up the center, and hope for the best!} 31. Qxc3 e2 32. Re1 Rd1 33. Bxf5
(33. Rb1 Rc8 34. Qf3 Rxb1 35. Rxb1 Qb4) 33... Rc8 34. Qg3 $2 {This is the
decisive mistake. But in the heat of the battle during the game, it is not
that easy to calculate everything. Sometimes one just has to trust his
instincts.} ({White had a way to equalise:} 34. Qe3 $1 Rxe1+ 35. Kf2 Qd8 36.
Bd3 $13) 34... Qc5+ 35. Kh1 exf5 36. Rb1 Qd5 (36... Rxb1 37. Rxb1 Qxc2 38. Re1
Qd2 $19 {is even faster.}) 37. h3 (37. h4 Rd8 38. Kh2 Qe4 39. h5 Rxb1 40. Rxb1
Rd1 41. Qg8+ Kc7 42. Qxf7+ Rd7 $19) 37... Rd8 38. Kh2 Qe4 39. Qh4 R8d7 ({
Care is always needed:} 39... Rxb1 40. Qxd8# $1) 40. Rb3 Rxe1 {After making
the time control, I am just completely winning.} 41. Qh8+ Kc7 42. Rc3+ Qc6 43.
Rxc6+ Kxc6 44. Qc8+ Rc7 45. Qa8+ Kc5 46. Qb8 Rc6 47. Qxa7 Rd1 48. Qe7+ Kb5 {
Looking back, I think that the Winawer French is not bad for Black. The only
drawback is that there are a lot of lines to analyse...} 0-1

[Event "Lloyds Bank Open-09"]
[Site "London"]
[Date "1985.??.??"]
[Round "?"]
[White "Stein, Bernd"]
[Black "Beliavsky, Alexander G"]
[Result "1/2-1/2"]
[WhiteElo "2380"]
[BlackElo "2635"]
[Annotator "Stein,B"]
[PlyCount "51"]
[EventDate "1985.08.??"]
[EventType "swiss"]
[EventRounds "9"]
[EventCountry "ENG"]
[SourceTitle "MCL"]
[Source "ChessBase"]
[SourceDate "1999.07.01"]
[SourceVersion "1"]
[SourceVersionDate "1999.07.01"]
[SourceQuality "1"]

1. e4 e6 2. d4 d5 3. Nc3 Bb4 4. e5 c5 5. a3 Bxc3+ 6. bxc3 Ne7 7. Qg4 Qc7 8.
Qxg7 Rg8 9. Qxh7 cxd4 10. Kd1 Nbc6 11. Nf3 Nxe5 $5 (11... dxc3 12. Ng5 Nxe5 (
12... Qxe5 13. Qxf7+ Kd7 $13) 13. f4 Rxg5 (13... f6 $5 14. fxe5 fxg5 15. Qh5+
Kd8 16. Bxg5 Qc5 17. Qh4 $13) 14. fxg5 N5g6 15. h4 $13) 12. Bf4 Qxc3 13. Nxe5
Qxa1+ 14. Bc1 d3 $5 (14... Rf8 15. Bd3 (15. Bb5+ Nc6 $1 16. Nxc6 Bd7) 15... Bd7
16. Re1 Nc6 17. Nxf7 Rxf7 18. Bg6 O-O-O 19. Qxf7 $13) 15. Qxf7+ Kd8 16. Qf6 $1
dxc2+ 17. Kd2 Qd4+ 18. Bd3 Qc5 $1 $146 (18... Ke8 $2 19. Ke2 Bd7 20. Be3 Qb2
21. Rc1 Rc8 22. Nxd7 d4 {Bronstein,D-Uhlmann,W/Zagreb 1965} 23. Nb8 $1 $18 {
[O'Kelly]}) 19. Ke2 Bd7 20. Be3 d4 $6 (20... Qxa3 21. Ra1 Qb4 $13) 21. Bxd4 $1
c1=Q $2 (21... Qd5 $13) 22. Rxc1 Qxc1 23. Nf7+ Ke8 24. Nd6+ Kd8 25. Nf7+ $2 (
25. Nxb7+ $1 Ke8 (25... Kc7 26. Qxe7 Qc6 (26... Kxb7 27. Qxd7+ Qc7 28. Be4+ Kb8
29. Be5 $1 $18) 27. Nc5 {/\ 28.Be5+ Kc8 29.Ba6+ +-.} Qd6 (27... Rad8 28. Be5+
Kb6 29. Nxd7+ Qxd7 30. Qb4+ $18) (27... a5 28. Be5+ Kc8 29. Nxd7 Qxd7 (29...
Ra7 30. Qc5 $1) 30. Qc5+ Kb7 (30... Kd8 31. Bf6+ Ke8 32. Bb5 $18) 31. Be4+ Ka6
32. Bc6 $18) (27... a6 28. Be4 $1 (28. Be5+ Kc8 29. Be4 Qb5+ 30. Ke3 Ra7 $1)
28... Qb5+ (28... Qd6 29. Be5 $1 Qxe5 30. Qxd7+ Kb6 31. Qb7+ Kxc5 32. Qb4#) 29.
Ke3 {/\ 30.Be5+ +-.}) (27... Rae8 28. Be5+ Kc8 29. Qh4 $1 (29. Ba6+ $2 Qxa6+)
29... Rh8 (29... Qxc5 30. Ba6#) 30. Qb4 $1 (30. Bxh8 $2 Qxc5) 30... Qb6 31.
Ba6+ Kd8 32. Nb7+ Kc8 33. Nd6+ Kd8 34. Nf7#) 28. Na6+ Kc6 29. Be4+ $18) 26. Bc5
$1 Nf5 (26... Qg5 27. Nd6+ Kd8 28. Nf7+ $18) 27. Nd6+ $1 (27. Bxf5 $2 Bb5+ $1)
27... Nxd6 28. Bxd6 Qg5 29. Bg6+ $1 $18) 25... Ke8 26. Nd6+ (26. Nd6+ Kd8 27.
Nxb7+ $1 $18) 1/2-1/2

[Event "Vinkovci"]
[Site "Vinkovci"]
[Date "1995.??.??"]
[Round "?"]
[White "Palac, Mladen"]
[Black "Kovacevic, Vlatko"]
[Result "1-0"]
[WhiteElo "2545"]
[BlackElo "2520"]
[Annotator "Stohl,I"]
[PlyCount "41"]
[EventDate "1995.04.??"]
[EventType "tourn"]
[EventRounds "11"]
[EventCountry "CRO"]
[EventCategory "9"]
[SourceTitle "CBM 048"]
[Source "ChessBase"]
[SourceDate "1995.10.01"]
[SourceVersion "1"]
[SourceVersionDate "1995.10.01"]
[SourceQuality "1"]

1. e4 e6 2. d4 d5 3. Nc3 Bb4 4. e5 c5 5. a3 Bxc3+ 6. bxc3 Ne7 7. Qg4 O-O {
The sharper lines after} (7... Qc7 8. Qxg7 Rg8 9. Qxh7 cxd4 10. Ne2 {are
nowadays considered advantageous for White.}) 8. Bd3 Nbc6 $6 {A very risky
move, as Palac convincingly proves. A safer alternative is} (8... f5 $142 9.
exf6 Rxf6 10. Bg5 Rf7 $132) 9. Qh5 Nf5 (9... Ng6 {is also insufficient for
equality, e.g.} 10. Nf3 Qc7 11. Be3 c4 12. Bxg6 fxg6 13. Qg4 Bd7 14. h4 Rf5 15.
h5 gxh5 16. Rxh5 Raf8 17. Ng5 Qa5 18. Bd2 Rf4 19. Qh3 Rxf2 20. Nf3 Rxd2 21.
Kxd2 $16 {Ivanchuk-Lutz, Munchen 1994.}) (9... h6 $2 10. Bxh6 $1 gxh6 11. Qxh6
Nf5 12. Bxf5 exf5 13. O-O-O $1 f4 14. Nh3 Ne7 15. Ng5 Bf5 16. g4 Be4 17. Rhe1
Qb6 18. e6 Bg6 19. Rd3 {1-0, Maus-Hubner, Lugano op 1989.}) 10. Nf3 f6 11. g4
$1 c4 (11... g6 12. Qh3 Ng7 13. exf6 Qxf6 14. Ng5 $1 Qxf2+ 15. Kd1 $18 {
[%cal Rh1f1,Rh3h7] /\Qh7#,Rf1}) (11... fxe5 $2 12. gxf5 e4 13. Ng5 $18) 12.
gxf5 cxd3 13. Rg1 {After a long think Palac found (or remembered?) this move,
which gives White a strong and probably already decisive attack.} dxc2 (13...
exf5 14. Bh6 Rf7 15. Kd2 Be6 16. Bxg7 $1 Rxg7 17. Rxg7+ Kxg7 18. Rg1+ {1-0,
Khalifman-P.Nikolic/Moscow/1990/} Kh8 19. Nh4 $18 {Even after the relatively
best}) (13... Ne7 14. exf6 Rxf6 15. Rxg7+ $1 Kxg7 16. Qg5+ Ng6 17. fxg6 hxg6
18. Bf4 Bd7 19. Be5 dxc2 20. h4 (20. Kd2 $5) 20... Be8 21. Nh2 Kf7 22. Qh6 $1 {
White's attack broke through,Kruppa-Komarov/Kherson /1991/}) 14. Bh6 Rf7 15.
Kd2 Bd7 16. Bxg7 $1 (16. Qxf7+ $5 Kxf7 17. Rxg7+ Ke8 18. Rag1 exf5 19. Rxh7 Be6
20. Rgg7 {wins nicely, but the text is simpler.}) 16... Rxg7 17. Qh6 Qf8 18.
Rxg7+ Qxg7 19. Rg1 Qxg1 20. Nxg1 fxe5 21. f6 1-0